00532 2200205 4500001002100000005001700021008004100038035002400079090001500103100002300118245005800141260002700199300002500226650001300251850001500264980001300279985000600292986001300298999001500311YOGYA-0209000001501120090227022500.0 ind  0010-020900000015011 a334bCha P aCHANIAGO, Arifinal aPendidikan perkoperasian IndonesiacArifinal Chaniago aBandungbAngkasac1973 a[10], 148 hlmc21 cm aKoperasi aYOPDYOG(B) a15-08-05 a1 afwhrtrev aP000010297